LEADER 03884oam 22008534a 450 001 9911072289603321 005 20201017000340.0 010 $a9782760517578 010 $a2760517578 010 $a9781435690202 010 $a1435690206 035 $a(CKB)1000000000704908 035 $a(OCoLC)417069492 035 $a(CaPaEBR)ebrary10225667 035 $a(SSID)ssj0000734887 035 $a(PQKBManifestationID)11423881 035 $a(PQKBTitleCode)TC0000734887 035 $a(PQKBWorkID)10723720 035 $a(PQKB)10318466 035 $a(CaBNvSL)thg00603704 035 $a(MiAaPQ)EBC3257273 035 $a(MiAaPQ)EBC4795700 035 $a(MdBmJHUP)muse20841 035 $a(PPN)187293112 035 $a(FR-PaCSA)88801355 035 $a(VaAlCD)20.500.12592/pw8cg7 035 $a(schport)gibson_crkn/2009-12-01/7/422314 035 $a(FRCYB88801355)88801355 035 $a(Au-PeEL)EBL4795700 035 $a(CaPaEBR)ebr11341854 035 $a(OCoLC)973833071 035 $a(MiAaPQ)EBC4950509 035 $a(Au-PeEL)EBL4950509 035 $a(CaONFJC)MIL935899 035 $a(OCoLC)1027201028 035 $a(EXLCZ)991000000000704908 100 $a20040115d2003 uy 0 101 0 $afre 135 $aurcn||||||||| 181 $ctxt 182 $cc 183 $acr 200 10$aÉthique, travail social et action communautaire /$fHenri Lamoureux ; preface de Gilles Rondeau 205 $a1st ed. 210 1$aSainte-Foy, Que?bec :$cPresses de l'Universite? du Que?bec,$d2003. 210 4$d©2003 215 $a1 online resource (263 p.) 225 1 $aCollection Proble?mes sociaux & interventions sociales ;$v10 300 $aBibliographic Level Mode of Issuance: Monograph 311 08$a9782760512450 311 08$a2760512452 320 $aIncludes bibliographical references (p. [235]-238). 327 $aIntro -- Couverture -- ÉTHIQUE, TRAVAIL SOCIAL ET ACTION COMMUNAUTAIRE -- Préface -- Remerciements -- Table des matiéres -- Introduction -- Chapitre 1_L'éthique sociale -- Chapitre 2_L'éthique du travail social -- Chapitre 3_L'éthique de l'action communautaire -- Chapitre 4_L'éthique de la recherche sociale -- Chapitre 5_Les droits et libertés de la personne -- Conclusion -- Lexique -- Bibliographie sélective -- Références informatiques -- Du même auteur. 330 $aLes praticiens du travail social accompagnent et soutiennent des personnes et des groupes confrontés à une gamme de difficultés et de problèmes dont les causes sont à la fois personnelles et sociales. Ainsi, comment aborder la question de l'avortement quand on y est personnellement opposé? Comment intervenir en milieu toxicomane ou itinérant en respectant les individus et les règles sociales? Comment harmoniser les différences idéologiques dans des organismes qui se disent communautaires et démocratiques? Comment enfin travailler à la réalisation de programmes mis en oeuvre par un gouvernement dont les objectifs ne nous conviennent pas?. 410 0$aCollection Proble?mes sociaux & interventions sociales ;$v10 606 $aSocial ethics 606 $aSocial action 606 $aCommunity organization$xMoral and ethical aspects 606 $aSocial service$xMoral and ethical aspects 606 $aSocial workers$xProfessional ethics 608 $aElectronic books. 615 0$aSocial ethics. 615 0$aSocial action. 615 0$aCommunity organization$xMoral and ethical aspects. 615 0$aSocial service$xMoral and ethical aspects. 615 0$aSocial workers$xProfessional ethics. 676 $a174/.9362 700 $aLamoureux$b Henri$f1942-$01899971 801 0$bMdBmJHUP 801 1$bMdBmJHUP 906 $aBOOK 912 $a9911072289603321 996 $aÉthique, travail social et action communautaire$94559642 997 $aUNINA